Statistics for The Jimmy Carter Presidency

Click here to take the quiz!

General Stats

  • This quiz has been taken 13,485 times
  • The average score is 14 of 20

Answer Stats

HintAnswer% Correct
Country that took fifty-two
American hostages
Iran
92%
1980 election opponentRonald Reagan
87%
Country the Soviets invadedAfghanistan
85%
His home stateGeorgia
84%
What he farmed prior to
becoming a politician
Peanuts
84%
Award he received in 2002Nobel Peace Prize
84%
What the US boycotted in 1980Olympics
78%
1976 election opponentGerald Ford
78%
President retreat where Middle East
peace accords were made
Camp David
75%
Group of people he gave amnesty to{Draft} Dodgers
72%
Volcano that erupted in 1980Mount St. Helens
69%
Religious denominationBaptist
69%
Charity he is known for supporting{Habitat} for Humanity
64%
Nuclear accident of 1979Three Mile Island
62%
Economic indicator that
skyrocketed to 13.5% in 1980
Inflation
61%
What he wore in the White House
to stay warm
Sweaters
59%
Economic problem of 1979The {Energy} Crisis
57%
His Vice PresidentWalter Mondale
53%
Wife's nameRosalynn
45%
His middle nameEarl
35%

Score Distribution

Percentile by Number Answered

Percent of People with Each Score

Your Score History

You have not taken this quiz